00352cam a2200145ua 4500020000900000041001000009082001900019100002300038245006600061250001200127260004100139300001200180365000900192504000500201 c5.00 amalh a342.02bNAR/NA aNarendranath, R . aNammude bharanaghatana / cR Narendranath.hTextual Documents a1 / b. aThrissur : bCurrent Books , c1964. a346 ; . a5.00 a